000 01841nam0a2200385 4500
001 RU\NLR\bibl\1362902
005 20260409065756.0
010 _a978-5-7418-0576-3
010 _a978-5-98672-131-6
_9200
021 _aRU
_b2009-16751
_9991
035 _a(NLR Aleph) 001355066
035 _a(nilc)RSL-KNO-004259149
090 _a945381
_c945381
100 _a20090311d2009 u y0rusy50 ca
101 0 _arus
102 _aRU
105 _aa |||||||||
200 1 _aВзрывные работы при проведении подземных горных выработок
_eучебное пособие для студентов вузов, обучающихся по направлению "Горное дело", специальностям "Взрывное дело" и "Подземное и шахтное строительство"
_fС. К. Мангуш
205 _aИзд. 2-е, стер.
210 _aМосква
_cИзд-во Московского государственного горного университета
_cГорная книга
_d2009
215 _a119, [1] с.
_cил., табл.
_d20
225 1 _aВзрывное дело
320 _aБиблиогр.: с. 94 (18 назв.)
606 _aВзрывные работы (горн.)
_jУчебные издания для высших учебных заведений
_3RU\NLR\auth\6667683
_91011871
610 0 _aГорное дело -- Взрывные работы -- Учебник для высшей школы
686 _aИ133я73-1
_2rubbk
686 _aИ133я73-1
700 1 _aМангуш
_bС. К.
_gСергей Кириллович
_4070
801 0 _aRU
_bРКП
_c20090311
801 1 _aRU
_bРГБ
_c20090311
801 2 _aRU
_bNLR
_c20090429
_grcr
830 _aпо кн
942 _cBOOK
980 _aNB